Salsa, drogadicción y oralidad en ¡que viva la música! de Andrés Caicedo /

Bibliographic Details
Main Author: Ulloa, Alejandro (Author)
Format: Electronic eBook
Language:Spanish
Published: Popayán, Colombia : Editorial Universidad del Cauca, 2022.
Edition:Primera edición en español.
Subjects:
Online Access:Digitalia Hispánica

MARC

LEADER 00000nam a2200000 i 4500
001 DIGUCAUCA0152
003 NyNyDIG
006 m o d
007 cr |||||||||||
008 231008s2022 ck ob 000 e spa d
035 |a (OCoLC)1394135247 
040 |a DGITA  |b eng  |e rda  |e pn  |c DGITA 
020 |a 9789587325829  |q digital 
020 |z 9789587325812  |q impreso 
050 1 4 |a ML3849 ebook 
100 1 |a Ulloa, Alejandro,  |e author. 
245 1 0 |a Salsa, drogadicción y oralidad en ¡que viva la música! de Andrés Caicedo /  |c Alejandro Ulloa Sanmiguel. 
250 |a Primera edición en español. 
264 1 |a Popayán, Colombia :  |b Editorial Universidad del Cauca,  |c 2022. 
300 |a 1 online resource. 
336 |a text  |b txt  |2 rdacontent 
337 |a computer file  |b c  |2 rdamedia 
338 |a online resource  |b cr  |2 rdacarrier 
347 |a text file  |2 rdaft 
347 |b PDF 
504 |a Includes bibliographical references and Index. 
588 0 |a Online resource; title from PDF title page (Digitalia, viewed October 8, 2023) 
600 1 0 |a Caicedo Estela, Andrés,  |d 1951-1977. 
650 0 |a Music and literature. 
655 7 |a Essays.  |2 lcgft 
776 0 8 |i Print version:  |a Ulloa, Alejandro.  |t Salsa, drogadicción y oralidad en ¡que viva la música! de Andrés Caicedo.  |b Primera edición en español.  |d Popayán, Colombia : Editorial Universidad del Cauca, 2022  |z 9789587325812 
791 2 |a Digitalia (Firm),  |e distributor. 
793 0 |g Digitalia eBook Collection:  |a Universidad del Cauca 
856 4 0 |3 Digitalia Hispánica  |u https://www.digitaliapublishing.com/a/129867/ 
910 |a Premium collection: 2023